Statistics for 漢字3文字・読み3文字の駅名

Click here to take the quiz!

General Stats

  • This quiz has been taken 345 times
    (341 since last reset)
  • The average score is 26 of 185

Answer Stats

Pref.Answer% Correct
千葉県 | 大阪府我孫子
45%
東京都代々木
38%
東京都恵比寿
36%
香川県宇多津
35%
香川県多度津
35%
新潟県佐々木
34%
神奈川県海老名
34%
栃木県間々田
33%
山口県小野田
32%
愛知県名古屋
31%
長崎県佐世保
31%
兵庫県英賀保
31%
福岡県久留米
30%
三重県伊勢市
30%
広島県安芸津
29%
山梨県四方津
29%
三重県周参見
28%
千葉県酒々井
28%
神奈川県国府津
28%
新潟県新発田
28%
鹿児島県阿久根
27%
静岡県小和田
26%
群馬県多々良
25%
福岡県海老津
24%
鹿児島県志布志
24%
静岡県宇佐美
24%
東京都喜多見
24%
島根県温泉津
24%
長崎県喜々津
23%
青森県野辺地
23%
佐賀県伊万里
23%
愛知県阿久比
23%
岐阜県多治見
22%
島根県津和野
22%
大阪府阿倍野
22%
大分県津久見
22%
大阪府海老江
21%
宮崎県美々津
21%
長野県富士見
21%
長野県南木曽
21%
佐賀県 | 秋田県久保田
20%
北海道瀬戸瀬
20%
東京都日比谷
20%
宮城県小牛田
20%
東京都江古田
20%
岐阜県土岐市
20%
愛媛県伊予市
19%
東京都早稲田
19%
岐阜県久々野
19%
静岡県佐久間
19%
石川県宇野気
19%
北海道富良野
19%
茨城県小木津
19%
愛知県小田井
19%
山形県寒河江
19%
秋田県仁賀保
19%
千葉県久留里
18%
新潟県小千谷
18%
大阪府阿波座
18%
千葉県東浪見
17%
京都府安栖里
17%
鹿児島県加治木
17%
千葉県飯山満
17%
栃木県佐野市
17%
長野県奈良井
17%
長野県伊那市
17%
大阪府日根野
16%
山梨県都留市
16%
宮崎県土々呂
16%
大阪府千代田
16%
兵庫県恵比須
15%
長野県安茂里
15%
三重県阿下喜
15%
三重県阿田和
15%
和歌山県見老津
15%
千葉県野田市
15%
北海道美留和
14%
佐賀県和多田
14%
京都府伊勢田
13%
群馬県津久田
13%
愛知県日比野
13%
北海道奈井江
13%
三重県加佐登
13%
高知県奈半利
13%
山口県田布施
13%
岐阜県美濃市
13%
岐阜県江吉良
12%
福島県日和田
12%
長野県御代田
12%
福島県久田野
12%
栃木県多田羅
11%
徳島県日和佐
11%
熊本県多良木
11%
長野県小布施
11%
群馬県阿左美
11%
栃木県 | 高知県仁井田
11%
岩手県小佐野
11%
佐賀県伊賀屋
11%
和歌山県宇久井
11%
千葉県馬来田
11%
群馬県湯檜曽
10%
岩手県小鳥谷
10%
島根県都野津
10%
愛知県瀬戸市
10%
大阪府宇野辺
9%
静岡県大和田
9%
山口県阿知須
9%
香川県八十場
9%
宮崎県伊比井
9%
北海道比羅夫
9%
大阪府津久野
9%
広島県狩留家
9%
福島県喜久田
9%
大阪府水無瀬
8%
和歌山県六十谷
8%
徳島県小歩危
8%
長崎県多比良
8%
大阪府久米田
8%
熊本県津奈木
8%
栃木県久下田
8%
青森県瀬辺地
8%
群馬県根小屋
7%
三重県波田須
7%
広島県小奴可
7%
愛知県佐古木
7%
埼玉県波久礼
7%
北海道茂辺地
7%
三重県佐那具
7%
京都府宇多野
7%
山形県小波渡
7%
熊本県御代志
6%
三重県小古曽
6%
石川県四十万
6%
岡山県吉備津
6%
大分県小野屋
6%
和歌山県布施屋
6%
山口県黄波戸
6%
福島県二井田
6%
山口県仁保津
6%
東京都多摩湖
6%
石川県能登部
5%
和歌山県学文路
5%
三重県外城田
5%
三重県三野瀬
5%
愛媛県見奈良
5%
鹿児島県五位野
5%
徳島県三加茂
5%
福岡県加布里
5%
静岡県富士根
5%
群馬県世良田
5%
愛知県御器所
5%
福島県曽根田
5%
大分県佐志生
5%
山梨県久那土
5%
福岡県波多江
5%
京都府与謝野
5%
長野県夜間瀬
5%
愛媛県土居田
4%
愛媛県八多喜
4%
高知県伊尾木
4%
群馬県羽根尾
4%
高知県香我美
4%
福岡県矢加部
4%
三重県依那古
4%
長野県八千穂
4%
高知県伊与喜
4%
高知県古津賀
4%
高知県斗賀野
3%
兵庫県田尾寺
3%
青森県風合瀬
3%
三重県麻生田
3%
新潟県日出谷
3%
岩手県佐羽根
2%
岐阜県加茂野
2%
広島県志和地
2%
石川県陽羽里
2%
兵庫県仁豊野
2%
岡山県丹治部
2%
岐阜県美江寺
2%
静岡県知波田
1%
奈良県志都美
1%

Score Distribution

Percentile by Number Answered

Percent of People with Each Score

Your Score History

You have not taken this quiz since the last reset